Visualizzazione normale
Vista MARC
- DANZA
di Topical Term
Records bibliografici associati: 2
001 - CONTROL NUMBER
- control field: 44516
003 - CONTROL NUMBER IDENTIFIER
- control field: IT-RoPau
005 - DATE AND TIME OF LATEST TRANSACTION
- control field: 20151129151343.0
008 - FIXED-LENGTH DATA ELEMENTS
- fixed length control field: 151129|| aca||aabn | a|a d
040 ## - CATALOGING SOURCE
- Original cataloging agency: IT-RoPau
- Transcribing agency: IT-RoPau
150 ## - HEADING--TOPICAL TERM
- Topical term or geographic name entry element: DANZA
- : TV-TEATRO/DANZA [VHS]
- General subdivision: Codice MATERIA SPICS: 9961
670 ## - SOURCE DATA FOUND
- Source citation: Work cat.: (IT-RoPau)105993: Baryshnikov Mikhail Codice regista SPICS: 13348 44515, DON CHISCIOTTE DON CHISCIOTTE (Rif. Codice opera principale : 37337)